مکمل بیىان القرآن ;; Mukammal biyan al Quran / (Record no. 85704)
[ view plain ]
| 000 -LEADER | |
|---|---|
| fixed length control field | 00638cas a2200205 4500 |
| 001 - CONTROL NUMBER | |
| control field | 85704 |
| 003 - CONTROL NUMBER IDENTIFIER | |
| rucl marc code | BD-RjUL |
| 005 - DATE AND TIME OF LATEST TRANSACTION | |
| control field | 20250914131346.0 |
| 008 - FIXED-LENGTH DATA ELEMENTS--GENERAL INFORMATION | |
| fixed length control field | 250914d1975 pk ar 0 a0urd c |
| 035 ## - SYSTEM CONTROL NUMBER | |
| System control number | (BD-RjUL)85704 |
| 040 ## - CATALOGING SOURCE | |
| Original cataloging agency | LCI |
| Language of cataloging | eng |
| Transcribing agency | LCI |
| Modifying agency | OCLCL |
| 041 0# - LANGUAGE CODE | |
| Language code of text/sound track or separate title | urd |
| 082 ## - DEWEY DECIMAL CLASSIFICATION NUMBER | |
| Classification number | 297.1225 |
| Edition number | 23 |
| Author mark and year | QUR 1975 |
| 245 00 - TITLE STATEMENT | |
| Title | مکمل بیىان القرآن ;; Mukammal biyan al Quran / |
| Statement of responsibility, etc. | محمد اشرف علی التھانوی ;; Muhammad Ashraf Ali Al Thani |
| 260 ## - PUBLICATION, DISTRIBUTION, ETC. (IMPRINT) | |
| Place of publication, distribution, etc. | Karachi : |
| Name of publisher, distributor, etc. | Saikh Gulam ali , |
| Date of publication, distribution, etc. | 1975 |
| 300 ## - PHYSICAL DESCRIPTION | |
| Pagination | v,; |
| Size | 32 cm |
| 650 ## - SUBJECT ADDED ENTRY--TOPICAL TERM | |
| Topical term or geographic name as entry element | Al Quran |
| Form subdivision | Tafsir |
| 9 (RLIN) | 16879 |
| 942 ## - ADDED ENTRY ELEMENTS (KOHA) | |
| Source of classification or shelving scheme | Dewey Decimal Classification |
| Koha item type | Books |
| Lost status | Source of classification or shelving scheme | Damaged status | Not for loan | Collection code | Permanent Location | Current Location | Shelving location | Date acquired | Cost, normal purchase price | Total Checkouts | Full call number | Date last seen | Copy number | Koha item type |
|---|---|---|---|---|---|---|---|---|---|---|---|---|---|---|
| Dewey Decimal Classification | Not For Loan | Non-fiction | Central Library, University of Rajshahi | Central Library, University of Rajshahi | Reading Room | 14/09/2025 | 5.00 | U 297.1225 QUR 1975 | 14/09/2025 | C-1 | Books |